000
00326nam a22001457a 4500
008
230327b ||||| |||| 00| 0 eng d
020
_a
9780415887908
041
_a
eng
080
_2
3RD EDITION
_a
159.9
082
_a
159.9MAD
100
_a
25
101
_a
PSI
245
_a
PSYCHOPATHOLOGY
_c
MADDUX .E.J
942
_2
udc
_c
BK
999
_c
59459
_d
59459